Weird Geo Facts #4 - Statistics

General Stats
  • This quiz has been taken 17 times
  • The average score is 8 of 15
Answer Stats
Hint Answer % Correct
This country has the most hurricanes. China
88%
This country is home to the tallest bridge. China
88%
This country is home to some 3,100 animal species. Brazil
81%
The world's shortest river is in this country. United States.
81%
There are no mosquitos in this country, Iceland
75%
Soccer fans in this country once caused an earthquake. Mexico
56%
This country has the largest stadium in the world. North Korea
50%
This country has the largest diversity of bird species. Colombia
44%
This country also has the most orchid species in the world. Colombia
44%
This country produces the most coconuts. Indonesia
44%
Countries in this region import sand from Australia. The Middle East
44%
These 2 countries have 0% forest. Qatar and San Marino
31%
This sea is the deepest of the 7. The Caribbean Sea.
25%
This animal is the deadliest in Australia. Horses
19%
The world's oldest mountains are in this country. South Africa.
19%
No matching quizzes found
Score Distribution
Percent of People with Each Score
Percentile by Number Answered
Your Score History
You have not taken this quiz